000 00577nam a2200169 i 4500
001 74054
003 ES-MaACL
005 20250829063115.0
007 t|
008 040915s1921 sp ||||1| spa d
100 1 _aGonzález Carreño, Genaro
_958492
245 1 3 _aLa ciencia, la acción y el bachillerato
_b: discurso leido con ocasión de la apertura de curso en el Instítuto de Guípuzcoa /
_cGenaro González Carreño.
260 _aSan Sebastián :
_b[s.n.],
_c1921.
300 _a60 p. ;
_c21 cm.
852 _aES-MaACL
_j1621-F-6
999 _c74054
_d74054